00640cas1a220019300 4500001001200000008004100012022001400053035001900067035001900086245002700105260004300132310001900175362004800194520011400242650001800356949004700374004000600421999001900427zam00005815951212n xx eng u a0008-1221 a(Sirsi) r22990 a(MACHINE)0083300aCalifornia law review. aBerkerly :bUniversity of Carlifornia. a6 Times a Year aVol. 46, No. 1, 1958 - Vol. 81, No. 1, 1993 aThis is a journal that publishes articles that review cases and scenarios in the legal practice in Californai aLaw.6S3984.1 aK1wlcci-22281mMAINp000tBOOKlON-SHELF22990 c181306d181306